[Event "WTch-U16"]
[Site "Gyor HUN"]
[Date "2014.12.15"]
[Round "4.26"]
[White "Gedajlovic, Max"]
[Black "Rabeea, Sabah Nori"]
[Result "1-0"]
[WhiteElo "2104"]
[BlackElo "1944"]
[PlyCount "61"]
[EventDate "2014.12.13"]
[EventType "team"]
[EventRounds "10"]
[EventCountry "HUN"]
[Source "Mark Crowther"]
[SourceDate "2014.12.15"]
[WhiteTeam "Canada 3"]
[BlackTeam "Iraq"]
[BlackTeamCountry "IRQ"]

1. d4 d5 2. Nf3 Nf6 3. e3 e6 4. Bd3 Nbd7 5. b3 Bd6 6. Bb2 O-O 7. Nbd2 Re8 8.
Ne5 c5 9. O-O b6 10. f4 Bb7 11. Qf3 Rc8 12. f5 Qe7 13. Qh3 Rc7 14. fxe6 fxe6
15. Nxd7 Qxd7 16. dxc5 bxc5 17. Rxf6 gxf6 18. Bxf6 Qf7 19. Qg4+ Kf8 20. Rf1 Qg8
21. Qh4 Rec8 22. Be7+ Ke8 23. Bxd6 Rf7 24. Qh5 d4 25. Bb5+ Bc6 26. Bxc6+ Rxc6
27. Nc4 Ra6 28. Ne5 Rxd6 29. Rxf7 Kd8 30. Qh4+ Kc8 31. Qe7 1-0

[Event "WTch-U16"]
[Site "Gyor HUN"]
[Date "2014.12.16"]
[Round "5.26"]
[White "Gedajlovic, Max"]
[Black "Bratkovic, Jakob"]
[Result "0-1"]
[WhiteElo "2104"]
[BlackElo "2158"]
[PlyCount "100"]
[EventDate "2014.12.13"]
[EventType "team"]
[EventRounds "10"]
[EventCountry "HUN"]
[Source "Mark Crowther"]
[SourceDate "2014.12.22"]
[WhiteTeam "Canada 3"]
[BlackTeam "Slovenia"]
[BlackTeamCountry "SLO"]

1. d4 Nf6 2. Nf3 e6 3. e3 b6 4. Bd3 Bb7 5. Nbd2 c5 6. O-O Nc6 7. b3 d5 8. Bb2
Bd6 9. a3 O-O 10. Ne5 Qc7 11. f4 cxd4 12. exd4 a5 13. Qe2 Ne7 14. Rf3 Ng6 15.
Raf1 Qc8 16. Rh3 Ba6 17. c4 a4 18. g4 Re8 19. g5 Nd7 20. Nxd7 Qxd7 21. Qh5 Nxf4
22. Qxh7+ Kf8 23. Rhf3 Nxd3 24. Qh8+ Ke7 25. Rxf7+ Kd8 26. Rxd7+ Kxd7 27. Rf7+
Kc6 28. Qxg7 Nxb2 29. Nf3 axb3 30. Ne5+ Bxe5 31. Qxe5 Bxc4 32. Qc7+ Kb5 33.
Qd7+ Ka5 34. Qd6 Nd3 35. Rf1 Rad8 36. Qg3 b2 37. h4 Ka4 38. Rb1 Kxa3 39. Qg4
Ka2 40. Qd1 b5 41. h5 Rh8 42. g6 Rdg8 43. Rxb2+ Nxb2 44. Qf3 b4 45. Qf7 b3 46.
h6 Rxg6+ 47. Qxg6 Na4 48. Qg2+ b2 49. Qc2 Bb3 50. Qd2 Ka1 0-1

[Event "WTch-U16"]
[Site "Gyor HUN"]
[Date "2014.12.18"]
[Round "7.26"]
[White "Gedajlovic, Max"]
[Black "Kula, Dominik"]
[Result "1-0"]
[WhiteElo "2104"]
[BlackElo "2018"]
[PlyCount "59"]
[EventDate "2014.12.13"]
[EventType "team"]
[EventRounds "10"]
[EventCountry "HUN"]
[Source "Mark Crowther"]
[SourceDate "2014.12.22"]
[WhiteTeam "Canada 3"]
[BlackTeam "Czech Republic"]
[BlackTeamCountry "CZE"]

1. d4 f5 2. Bg5 g6 3. Nc3 Bg7 4. h4 h6 5. Bf4 Nf6 6. e3 d6 7. Qf3 e6 8. Qg3 Kf7
9. Qf3 Nc6 10. O-O-O Bd7 11. Bc4 d5 12. Bb3 a6 13. Nge2 b5 14. Be5 Nxe5 15.
dxe5 Ng4 16. h5 g5 17. Rxd5 Nxe5 18. Rxd7+ Qxd7 19. Qxf5+ Ke7 20. Qe4 c5 21. f4
b4 22. Rd1 Qc7 23. fxe5 bxc3 24. Rd6 cxb2+ 25. Kb1 Raf8 26. Ng3 Bxe5 27. Rxe6+
Kd8 28. Rxe5 Rh7 29. Be6 Qb7 30. Rd5+ 1-0

[Event "WTch-U16"]
[Site "Gyor HUN"]
[Date "2014.12.19"]
[Round "8.26"]
[White "Gedajlovic, Max"]
[Black "Isaev, Chingis"]
[Result "1-0"]
[WhiteElo "2104"]
[BlackElo "1949"]
[PlyCount "83"]
[EventDate "2014.12.13"]
[EventType "team"]
[EventRounds "10"]
[EventCountry "HUN"]
[Source "Mark Crowther"]
[SourceDate "2014.12.22"]
[WhiteTeam "Canada 3"]
[BlackTeam "Kyrgyzstan"]
[BlackTeamCountry "KGZ"]

1. d4 d5 2. Nf3 Nf6 3. e3 e6 4. Bd3 c5 5. b3 Be7 6. Bb2 Nbd7 7. Ne5 O-O 8. Nd2
Qc7 9. f4 b6 10. O-O Bb7 11. Qe2 Ne4 12. Nxe4 dxe4 13. Bc4 cxd4 14. exd4 Rac8
15. Rac1 Bd5 16. Ba6 Rcd8 17. c4 Ba8 18. Nxd7 Qxd7 19. Rfd1 Qc7 20. Qe3 f5 21.
g3 Bb7 22. Bxb7 Qxb7 23. a3 a5 24. Qc3 Rd7 25. c5 bxc5 26. dxc5 Bf6 27. Qc2
Bxb2 28. Qxb2 Rxd1+ 29. Rxd1 Rb8 30. b4 axb4 31. axb4 Qc7 32. Qd4 h6 33. Qc4
Kh8 34. b5 e3 35. c6 Qb6 36. Kf1 Rd8 37. Rxd8+ Qxd8 38. Qc2 Qd5 39. c7 Qxb5+
40. Kg1 e2 41. c8=Q+ Kh7 42. Kf2 1-0

[Event "WTch-U16"]
[Site "Gyor HUN"]
[Date "2014.12.20"]
[Round "9.26"]
[White "Gedajlovic, Max"]
[Black "Sahidi, Samir"]
[Result "1-0"]
[WhiteElo "2104"]
[BlackElo "2026"]
[PlyCount "73"]
[EventDate "2014.12.13"]
[EventType "team"]
[EventRounds "10"]
[EventCountry "HUN"]
[Source "Mark Crowther"]
[SourceDate "2014.12.22"]
[WhiteTeam "Canada 3"]
[BlackTeam "Slovakia Middle"]

1. d4 Nf6 2. Nf3 e6 3. e3 d5 4. Bd3 c5 5. b3 Nc6 6. Bb2 b6 7. O-O Be7 8. Nbd2
O-O 9. Ne5 Bb7 10. f4 Nb4 11. Be2 Ne4 12. a3 Nc6 13. Bd3 f5 14. Nxe4 fxe4 15.
Be2 cxd4 16. Nxc6 Bxc6 17. Bxd4 Bf6 18. Qd2 Rc8 19. Rfd1 Bb7 20. Rac1 Bxd4 21.
Qxd4 Qd6 22. Qxe4 Rf6 23. Qb4 Qc7 24. Qd4 Qe7 25. a4 Rh6 26. g3 Qd7 27. Bf3 Qe8
28. c4 Rc5 29. b4 Rc8 30. cxd5 Rf6 31. d6 Rf7 32. Bxb7 Rxc1 33. Rxc1 Rxb7 34.
Rc7 Rxc7 35. dxc7 Kf7 36. Qd8 Qxa4 37. c8=Q 1-0

[Event "WTch-U16"]
[Site "Gyor HUN"]
[Date "2014.12.21"]
[Round "10.26"]
[White "Egyed, Judit"]
[Black "Gedajlovic, Max"]
[Result "0-1"]
[WhiteElo "1914"]
[BlackElo "2104"]
[PlyCount "78"]
[EventDate "2014.12.13"]
[EventType "team"]
[EventRounds "10"]
[EventCountry "HUN"]
[Source "Mark Crowther"]
[SourceDate "2014.12.22"]
[WhiteTeam "Hungary (Girls)"]
[BlackTeam "Canada 3"]

1. e4 c5 2. Nf3 d6 3. d4 cxd4 4. Qxd4 a6 5. Bg5 Nc6 6. Qd2 g6 7. c4 Bg7 8. Nc3
Bg4 9. Be2 Rc8 10. Be3 Bxf3 11. gxf3 Nf6 12. f4 Na5 13. e5 Nd7 14. exd6 Nxc4
15. Bxc4 Rxc4 16. O-O-O Nf6 17. Rhe1 O-O 18. dxe7 Qxe7 19. Bd4 Qc7 20. Be5 Qa5
21. Kb1 Rc6 22. f3 Rfc8 23. Re3 Nh5 24. Re2 Re6 25. Qd7 Rce8 26. Rd5 Qb6 27.
Ne4 Bxe5 28. Rxe5 Rxe5 29. fxe5 Rxe5 30. Qc8+ Kg7 31. Qc3 f6 32. Qc8 Re7 33.
Rd2 Qc6 34. Qxc6 bxc6 35. Rd6 f5 36. Nd2 Rc7 37. Kc2 Kf7 38. Nc4 Ke7 39. a3 Nf6
0-1

[Event "Eretria op"]
[Site "Eretria GRE"]
[Date "2014.08.26"]
[Round "1.2"]
[White "Swayams, Mishra"]
[Black "Gedajlovic, Max"]
[Result "1/2-1/2"]
[WhiteElo "2479"]
[BlackElo "1980"]
[PlyCount "122"]
[EventDate "2014.08.26"]
[EventType "swiss"]
[EventRounds "9"]
[EventCountry "GRE"]
[Source "Chess Mix"]

1. d4 Nf6 2. c4 e6 3. Nc3 Bb4 4. e3 O-O 5. Nge2 d5 6. a3 Be7 7. cxd5 exd5 8. h3
c6 9. g4 Nbd7 10. Bg2 Re8 11. O-O Bd6 12. f3 Nb6 13. e4 c5 14. Bg5 cxd4 15.
Nxd4 dxe4 16. Nxe4 Be5 17. Bxf6 Bxf6 18. Nb5 Bxb2 19. Rb1 Qxd1 20. Rbxd1 Be5
21. f4 Bb8 22. Ned6 Bxd6 23. Nxd6 Rd8 24. Nxb7 Bxb7 25. Bxb7 Rab8 26. Ba6 Rxd1
27. Rxd1 Kf8 28. Bb5 Ke7 29. a4 a6 30. Re1+ Kf8 31. Bc6 Rc8 32. Bb7 Rb8 33. Bc6
Rc8 34. Bb7 Rb8 35. Bxa6 Nxa4 36. Rc1 Nb6 37. f5 Ra8 38. Bb7 Rb8 39. Bg2 Nd7
40. Rc7 Ne5 41. Be4 f6 42. Bd5 Re8 43. Bb3 Re7 44. Rc3 g5 45. Kg2 Kg7 46. Rc8
Nf7 47. Be6 Ra7 48. Kf2 Ne5 49. Rg8+ Kh6 50. Rb8 Nd3+ 51. Kf3 Ra3 52. Ke4 Nf2+
53. Kd4 Rxh3 54. Rb7 Rd3+ 55. Kc5 Rd8 56. Rf7 Nxg4 57. Bd5 Rc8+ 58. Kd6 Rb8 59.
Kc5 Rc8+ 60. Kd6 Rd8+ 61. Kc5 Rc8+ 1/2-1/2

[Event "Eretria op"]
[Site "Eretria GRE"]
[Date "2014.08.28"]
[Round "3.5"]
[White "Sidhant, Mohapatra"]
[Black "Gedajlovic, Max"]
[Result "1-0"]
[WhiteElo "2289"]
[BlackElo "1980"]
[PlyCount "71"]
[EventDate "2014.08.26"]
[EventType "swiss"]
[EventRounds "9"]
[EventCountry "GRE"]
[Source "Chess Mix"]

1. b3 Nf6 2. Bb2 e6 3. e3 b6 4. Nf3 Bb7 5. Be2 Be7 6. c4 O-O 7. Qc2 c5 8. Rg1
d5 9. g4 dxc4 10. bxc4 Nc6 11. a3 Qc7 12. g5 Nd7 13. Nc3 Nce5 14. Nxe5 Nxe5 15.
Ne4 Bxe4 16. Qxe4 Ng6 17. h4 Rfd8 18. h5 Nf8 19. f4 Qd6 20. Qc2 Nd7 21. Bd3 Nf8
22. Be4 Rac8 23. Qc3 e5 24. Bd5 Ne6 25. g6 Bh4+ 26. Ke2 Nd4+ 27. exd4 exd4 28.
Qf3 Bf6 29. gxf7+ Kh8 30. d3 b5 31. Rae1 bxc4 32. Bxc4 Rb8 33. Kf1 h6 34. Bc1
Bh4 35. Qg4 Qf6 36. Re6 1-0

[Event "Eretria op"]
[Site "Eretria GRE"]
[Date "2014.08.30"]
[Round "5.7"]
[White "Georgiou, Kostantinos"]
[Black "Gedajlovic, Max"]
[Result "1-0"]
[WhiteElo "2267"]
[BlackElo "1980"]
[PlyCount "105"]
[EventDate "2014.08.26"]
[EventType "swiss"]
[EventRounds "9"]
[EventCountry "GRE"]
[Source "Chess Mix"]

1. d4 Nf6 2. Nf3 e6 3. Bf4 c5 4. c3 d5 5. Nbd2 Bd6 6. Bg3 O-O 7. e3 Nc6 8. Bd3
b6 9. Ne5 Qc7 10. f4 Bb7 11. O-O Ne7 12. Qf3 Nf5 13. Bf2 Be7 14. Qh3 Ne4 15.
Nef3 Nfd6 16. Bh4 Bxh4 17. Qxh4 Qd8 18. Qh3 h6 19. Bxe4 Nxe4 20. Nxe4 dxe4 21.
Ne5 Qe8 22. f5 exf5 23. Qxf5 Rd8 24. Rf4 Qe6 25. Qxe6 fxe6 26. Raf1 Rxf4 27.
Rxf4 cxd4 28. exd4 a5 29. g3 b5 30. Kf2 b4 31. Ke3 bxc3 32. bxc3 Rc8 33. c4 Rc7
34. Rf2 Ba6 35. Rc2 Bb7 36. Rb2 Kf8 37. Rb5 Ba6 38. Rb8+ Ke7 39. c5 Bb7 40.
Re8+ Kf6 41. Rf8+ Ke7 42. Ng6+ Kd7 43. Rg8 Kc6 44. a4 Ba6 45. Kxe4 Kb7 46. Ne5
Be2 47. Re8 Bd1 48. Nc4 Bxa4 49. Rxe6 Bc2+ 50. Ke5 a4 51. Rb6+ Ka7 52. Na3 Bd3
53. Rb4 1-0

[Event "Eretria op"]
[Site "Eretria GRE"]
[Date "2014.08.31"]
[Round "7.8"]
[White "Melich, Jindrich"]
[Black "Gedajlovic, Max"]
[Result "1/2-1/2"]
[WhiteElo "2093"]
[BlackElo "1980"]
[PlyCount "29"]
[EventDate "2014.08.26"]
[EventType "swiss"]
[EventRounds "9"]
[EventCountry "GRE"]
[Source "Chess Mix"]

1. b4 c6 2. c4 Qb6 3. Qb3 a5 4. b5 a4 5. Qb2 cxb5 6. cxb5 d6 7. e3 Nf6 8. Nc3
Nbd7 9. d4 e5 10. Nf3 e4 11. Nd2 d5 12. Be2 Bd6 13. O-O O-O 14. Re1 Qc7 15. Rb1
1/2-1/2

[Event "Prague Summer op"]
[Site "Prague CZE"]
[Date "2014.08.10"]
[Round "2.21"]
[White "Gedajlovic, Max"]
[Black "Kucera, Petr"]
[Result "0-1"]
[WhiteElo "1980"]
[BlackElo "2240"]
[PlyCount "122"]
[EventDate "2014.08.09"]
[EventType "swiss"]
[EventRounds "9"]
[EventCountry "CZE"]
[Source "Chess Mix"]
[SourceDate "2014.08.01"]

1. d4 Nf6 2. Nf3 e6 3. e3 b6 4. Bd3 Bb7 5. O-O Be7 6. Nbd2 d5 7. b3 O-O 8. Bb2
Nbd7 9. Ne5 Ne4 10. f4 f6 11. Nxd7 Qxd7 12. Nxe4 dxe4 13. Be2 Rad8 14. c4 c5
15. Qc2 Qc7 16. Rad1 Kh8 17. Rd2 Rd7 18. f5 cxd4 19. Bxd4 e5 20. Bb2 Bc5 21.
Qc3 Rxd2 22. Qxd2 Rd8 23. Qc3 Qe7 24. Rd1 Rxd1+ 25. Bxd1 Qd7 26. Be2 a5 27. g4
Kg8 28. Bc1 g6 29. Qd2 Qxd2 30. Bxd2 Bc8 31. fxg6 hxg6 32. Kf2 f5 33. gxf5 gxf5
34. Kg3 Kg7 35. h4 Be6 36. Bf1 Bf7 37. Be2 Kf6 38. Bc1 Bb4 39. Kf2 Bc3 40. Bd1
Bb4 41. Be2 Be8 42. Bd1 Bg6 43. Be2 Bf7 44. Bd1 Bd6 45. Kg3 Kg6 46. Bd2 Bb4 47.
Bc1 Be1+ 48. Kh3 Be6 49. Be2 f4+ 50. Bg4 Bxg4+ 51. Kxg4 f3 52. Kh3 Bxh4 53. Bb2
Bf2 54. Bxe5 Bxe3 55. Kg3 Kf5 56. Bc7 Bd4 57. Bd8 f2 58. Kg2 Kf4 59. a3 Ke3 60.
Kf1 Kd2 61. b4 e3 0-1

[Event "Prague Summer op"]
[Site "Prague CZE"]
[Date "2014.08.12"]
[Round "4.19"]
[White "Gedajlovic, Max"]
[Black "Chetverik, Maxim"]
[Result "1-0"]
[WhiteElo "1980"]
[BlackElo "2254"]
[PlyCount "45"]
[EventDate "2014.08.09"]
[EventType "swiss"]
[EventRounds "9"]
[EventCountry "CZE"]
[Source "Chess Mix"]
[SourceDate "2014.08.01"]

1. d4 f5 2. Bg5 h6 3. Bh4 g5 4. e4 Bg7 5. Bg3 fxe4 6. h4 c5 7. Be5 Nf6 8. hxg5
Qa5+ 9. b4 Qxb4+ 10. c3 Qb2 11. gxf6 exf6 12. Bc7 d5 13. Nd2 Nc6 14. Rb1 Qxa2
15. Qh5+ Ke7 16. dxc5 f5 17. Bd6+ Kf6 18. Ne2 b6 19. Nf4 Ne5 20. Qh4+ Kf7 21.
Qe7+ Kg8 22. Bxe5 Bxe5 23. Qe8+ 1-0

[Event "Prague Summer op"]
[Site "Prague CZE"]
[Date "2014.08.12"]
[Round "5.22"]
[White "Kozusek, Daniel"]
[Black "Gedajlovic, Max"]
[Result "1-0"]
[WhiteElo "2191"]
[BlackElo "1980"]
[PlyCount "133"]
[EventDate "2014.08.09"]
[EventType "swiss"]
[EventRounds "9"]
[EventCountry "CZE"]
[Source "Chess Mix"]
[SourceDate "2014.08.01"]

1. d4 Nf6 2. c4 e6 3. g3 c5 4. d5 exd5 5. cxd5 d6 6. Bg2 g6 7. Nf3 Bg7 8. O-O
O-O 9. Nc3 Re8 10. Nd2 a6 11. a4 Nbd7 12. Nc4 Ne5 13. Na3 Qc7 14. e4 c4 15. Be3
Nfg4 16. Bd4 Nd3 17. Bxg7 Kxg7 18. h3 Nge5 19. f4 Qc5+ 20. Kh2 Nxb2 21. Qe2
Ned3 22. Rfb1 Qb4 23. Bf1 Qc5 24. Rxb2 Nxb2 25. Qxb2 h5 26. Nxc4 h4 27. g4 Kh7
28. e5 Qd4 29. Qd2 Qxd2+ 30. Nxd2 dxe5 31. Nde4 Kg7 32. Nd6 Re7 33. f5 f6 34.
fxg6 Kxg6 35. Bd3+ Kg7 36. Bf5 Bd7 37. g5 fxg5 38. Rg1 Kh6 39. Nce4 Kg7 40.
Bxd7 Rxd7 41. Nf5+ Kh7 42. Nf6+ Kg6 43. Nxd7 Kxf5 44. Rf1+ Ke4 45. Nf6+ Kd4 46.
Rd1+ Ke3 47. d6 b5 48. d7 Rd8 49. axb5 axb5 50. Rd5 e4 51. Re5 Ra8 52. Rxe4+
Kf3 53. Re1 Ra2+ 54. Kh1 Rd2 55. Rf1+ Ke3 56. Kg1 b4 57. Rb1 Rd3 58. Rb3 Rc3
59. Ng4+ Kf4 60. d8=Q Rxh3 61. Qd4+ Kf5 62. Ne3+ Kg6 63. Qe4+ Kg7 64. Qe5+ Kh6
65. Qf6+ Kh7 66. Qf7+ Kh8 67. Nf5 1-0

[Event "Prague Summer op"]
[Site "Prague CZE"]
[Date "2014.08.14"]
[Round "7.29"]
[White "Xylogiannopoulos, Antonios"]
[Black "Gedajlovic, Max"]
[Result "1/2-1/2"]
[WhiteElo "2133"]
[BlackElo "1980"]
[PlyCount "111"]
[EventDate "2014.08.09"]
[EventType "swiss"]
[EventRounds "9"]
[EventCountry "CZE"]
[Source "Chess Mix"]
[SourceDate "2014.08.01"]

1. e4 c5 2. c3 Nf6 3. e5 Nd5 4. d4 cxd4 5. Nf3 e6 6. cxd4 d6 7. Bc4 Nb6 8. Bd3
Nc6 9. Nc3 Be7 10. O-O O-O 11. Qe2 Nb4 12. Bb1 N4d5 13. Ne4 dxe5 14. dxe5 Bd7
15. Qd3 g6 16. Bh6 Re8 17. Bg5 Nb4 18. Bxe7 Qxe7 19. Qd2 N4d5 20. Qh6 f6 21. h4
Qg7 22. Qxg7+ Kxg7 23. Nd6 Re7 24. exf6+ Nxf6 25. Re1 Bc6 26. Ne4 Nxe4 27. Bxe4
Bxe4 28. Rxe4 Rc8 29. Nd4 e5 30. Rae1 Rc5 31. R1e2 Kf7 32. f4 Nd7 33. Nf3 Kf6
34. b4 Rd5 35. g4 Re6 36. Kg2 a5 37. fxe5+ Ke7 38. a3 axb4 39. Rxb4 Nc5 40. Rb5
b6 41. Reb2 Rd3 42. Rxb6 Rxb6 43. Rxb6 Rxa3 44. Rb5 Nd7 45. Rb7 Ra4 46. Kg3 h6
47. Rc7 Re4 48. Ra7 Ke6 49. Ra6+ Kf7 50. Ra7 Ke6 51. Ra8 Nxe5 52. Re8+ Kd6 53.
Nxe5 Rxe5 54. Ra8 Ke6 55. Kf4 g5+ 56. hxg5 1/2-1/2

[Event "Prague Summer op"]
[Site "Prague CZE"]
[Date "2014.08.16"]
[Round "9.23"]
[White "Yakimenko, Alexander"]
[Black "Gedajlovic, Max"]
[Result "1/2-1/2"]
[WhiteElo "2132"]
[BlackElo "1980"]
[PlyCount "48"]
[EventDate "2014.08.09"]
[EventType "swiss"]
[EventRounds "9"]
[EventCountry "CZE"]
[Source "Mark Crowther"]
[SourceDate "2014.09.08"]

1. e4 c5 2. Nf3 d6 3. Bb5+ Bd7 4. a4 Nc6 5. O-O g6 6. Re1 Bg7 7. c3 Nf6 8. d4
cxd4 9. cxd4 O-O 10. Nc3 Bg4 11. Be3 d5 12. e5 Ne4 13. h3 Nxc3 14. bxc3 Bxf3
15. Qxf3 e6 16. Qg3 Rc8 17. Bg5 Qc7 18. Re3 f6 19. exf6 Qxg3 20. f7+ Rxf7 21.
fxg3 a6 22. Be2 Bf6 23. Bf4 Nd8 24. Kh2 Kg7 1/2-1/2

[Event "British Columbia op"]
[Site "Richmond CAN"]
[Date "2014.02.08"]
[Round "1.9"]
[White "Harris, Philip"]
[Black "Gedajlovic, Max"]
[Result "0-1"]
[WhiteElo "1765"]
[BlackElo "2070"]
[PlyCount "92"]
[EventDate "2014.02.08"]
[EventType "swiss"]
[EventRounds "6"]
[EventCountry "CAN"]

1. d4 Nf6 2. c4 e6 3. Nc3 Bb4 4. e3 O-O 5. Bd3 d5 6. Nf3 c5 7. O-O cxd4 8. exd4
dxc4 9. Bxc4 b6 10. Qe2 Bb7 11. Rd1 Bxc3 12. bxc3 Nbd7 13. Bd3 Qc7 14. c4 Rfe8
15. Bb2 Qc6 16. Ne1 Rad8 17. Rac1 Qc7 18. Bb1 Qf4 19. f3 Qg5 20. Nd3 Nh5 21.
Re1 e5 22. dxe5 Nc5 23. Qe3 Qxe3+ 24. Rxe3 Nxd3 25. Bxd3 Nf4 26. Rd1 Ba6 27. g3
Nxd3 28. Rexd3 Rxd3 29. Rxd3 Bxc4 30. Rd7 a5 31. a3 h6 32. Bd4 b5 33. f4 Rc8
34. Rd6 Be6 35. Ra6 a4 36. Rd6 Rc2 37. Rb6 Bc4 38. f5 Rd2 39. Bc3 Rd3 40. Bb4
Re3 41. Bd6 Rf3 42. g4 h5 43. gxh5 Rxf5 44. h6 gxh6 45. Be7 Rxe5 46. Bf6 Re3
0-1

[Event "British Columbia op"]
[Site "Richmond CAN"]
[Date "2014.02.08"]
[Round "2.7"]
[White "Gedajlovic, Max"]
[Black "Sullivan, Brian"]
[Result "1-0"]
[WhiteElo "2070"]
[BlackElo "1586"]
[PlyCount "111"]
[EventDate "2014.02.08"]
[EventType "swiss"]
[EventRounds "6"]
[EventCountry "CAN"]

1. d4 d5 2. Nf3 Nf6 3. e3 a6 4. Bd3 e6 5. Nbd2 c5 6. b3 b5 7. c4 b4 8. O-O Bb7
9. Bb2 Nbd7 10. Qe2 Be7 11. e4 dxe4 12. Nxe4 O-O 13. Rad1 Nxe4 14. Bxe4 Bxe4
15. Qxe4 Nf6 16. Qe2 Qc7 17. dxc5 Qxc5 18. Bd4 Qf5 19. Ne5 Rac8 20. Rfe1 a5 21.
Qf3 Qxf3 22. Nxf3 a4 23. Be5 axb3 24. axb3 Rfd8 25. Kf1 Rxd1 26. Rxd1 Ng4 27.
Bg3 Nf6 28. Be5 Ne4 29. Ke2 f6 30. Rd7 Kf8 31. Bd4 Ke8 32. Rb7 e5 33. Bb6 Nd6
34. Rc7 Rxc7 35. Bxc7 Nb7 36. Bb6 Kd7 37. Nd2 Kc6 38. Be3 f5 39. f4 exf4 40.
Bxf4 Nc5 41. Be3 Ne6 42. Nf3 g6 43. Ne5+ Kc7 44. Nd3 Kc6 45. Kd1 Bd6 46. h3 g5
47. Kc2 h5 48. Bd2 g4 49. Bxb4 Nd4+ 50. Kc3 Ne2+ 51. Kd2 Nd4 52. Bxd6 Kxd6 53.
b4 Ne6 54. Ke3 gxh3 55. gxh3 Ng5 56. h4 1-0

[Event "British Columbia op"]
[Site "Richmond CAN"]
[Date "2014.02.09"]
[Round "3.3"]
[White "Gedajlovic, Max"]
[Black "Wu, Howard"]
[Result "0-1"]
[WhiteElo "2070"]
[BlackElo "2224"]
[PlyCount "78"]
[EventDate "2014.02.08"]
[EventType "swiss"]
[EventRounds "6"]
[EventCountry "CAN"]

1. d4 Nf6 2. c4 c5 3. d5 b5 4. cxb5 a6 5. bxa6 Bxa6 6. Nc3 g6 7. e4 Bxf1 8.
Kxf1 d6 9. g3 Bg7 10. Kg2 Nbd7 11. h3 O-O 12. Nge2 Qa5 13. Be3 Rfb8 14. Qc2 Ne5
15. b3 Qa6 16. Rhd1 c4 17. Nd4 Nfd7 18. Rab1 Nc5 19. b4 Ncd3 20. b5 Qa3 21. f4
Nd7 22. Rxd3 cxd3 23. Qxd3 Nc5 24. Qc2 Rb7 25. Bc1 Qa5 26. Nde2 Na4 27. Rb3
Nxc3 28. Nxc3 Rc8 29. Bb2 Rxb5 30. Rxb5 Qxb5 31. e5 Qxd5+ 32. Kh2 Qxa2 33. Qd2
Qa5 34. Qd3 dxe5 35. Nd5 Rd8 36. Nxe7+ Kf8 37. Qa3 Qxa3 38. Bxa3 Rd2+ 39. Kg1
Ke8 0-1

[Event "British Columbia op"]
[Site "Richmond CAN"]
[Date "2014.02.09"]
[Round "4.5"]
[White "Nguyen, Kim"]
[Black "Gedajlovic, Max"]
[Result "0-1"]
[WhiteElo "2109"]
[BlackElo "2070"]
[PlyCount "56"]
[EventDate "2014.02.08"]
[EventType "swiss"]
[EventRounds "6"]
[EventCountry "CAN"]

1. e4 c5 2. Nf3 d6 3. d4 cxd4 4. Nxd4 Nf6 5. Nc3 g6 6. Be2 Bg7 7. O-O O-O 8.
Bg5 Nc6 9. Nb3 Be6 10. Kh1 Qc8 11. f4 Rd8 12. Bd3 d5 13. e5 Ng4 14. Qe1 d4 15.
Ne4 Ne3 16. Rf3 Bd5 17. Rg3 a5 18. Qe2 Nf5 19. Rh3 Nb4 20. Nbd2 Nxd3 21. Qxd3
Qc6 22. Rc1 f6 23. Bh4 Ne3 24. exf6 exf6 25. Qxd4 Nf5 26. Nxf6+ Bxf6 27. Qxf6
Bxg2+ 28. Kg1 Nxh4 0-1

[Event "British Columbia op"]
[Site "Richmond CAN"]
[Date "2014.02.10"]
[Round "6.3"]
[White "Villavieja, Butch"]
[Black "Gedajlovic, Max"]
[Result "1-0"]
[WhiteElo "2227"]
[BlackElo "2070"]
[PlyCount "67"]
[EventDate "2014.02.08"]
[EventType "swiss"]
[EventRounds "6"]
[EventCountry "CAN"]

1. d4 Nf6 2. Nf3 e6 3. Bg5 d5 4. Nbd2 Nbd7 5. e4 dxe4 6. Nxe4 h6 7. Bxf6 Nxf6
8. Bd3 Be7 9. Qe2 O-O 10. O-O-O Qd5 11. Kb1 Nxe4 12. Bxe4 Qa5 13. g4 c5 14. h4
c4 15. c3 g6 16. Ne5 Rb8 17. f4 Bd6 18. Nxc4 Qa6 19. Bd3 b5 20. Nxd6 Qxd6 21.
Qe5 Qxe5 22. fxe5 b4 23. c4 Bb7 24. Rhf1 Rfd8 25. Bc2 a5 26. h5 g5 27. Rf6 Bg2
28. Rxh6 Bf3 29. Rd2 Rd7 30. d5 Bxg4 31. Rg2 f5 32. exf6 Bf5 33. Rxg5+ Kf7 34.
Rg7+ 1-0

[Event "British Columbia-ch U20"]
[Site "Vancouver CAN"]
[Date "2013.11.08"]
[Round "1.7"]
[White "Knox, Nathaniel"]
[Black "Gedajlovic, Max"]
[Result "0-1"]
[WhiteElo "1626"]
[BlackElo "2093"]
[PlyCount "92"]
[EventDate "2013.11.08"]
[EventType "swiss"]
[EventRounds "5"]
[EventCountry "CAN"]

1. d4 Nf6 2. c4 g6 3. Nc3 Bg7 4. e4 d6 5. Nf3 O-O 6. Be2 e5 7. O-O Nc6 8. d5
Ne7 9. Ne1 Nd7 10. Nd3 f5 11. exf5 gxf5 12. f4 e4 13. Nf2 Nc5 14. Be3 Ng6 15.
g3 Rf7 16. Bd4 Nd3 17. Bxg7 Nxf2 18. Rxf2 Rxg7 19. Qd4 a5 20. Nd1 Qe7 21. Ne3
Bd7 22. Rb1 b6 23. h3 Rf8 24. Kh2 Rf6 25. b3 Nf8 26. a3 Rh6 27. Rg2 Ng6 28. b4
axb4 29. axb4 Ne5 30. fxe5 dxe5 31. d6 exd4 32. dxe7 dxe3 33. Rd1 Rxe7 34. Rd5
Rd6 35. Rxd6 cxd6 36. Rg1 Be6 37. Rc1 Rc7 38. Kg2 d5 39. c5 bxc5 40. bxc5 d4
41. Bc4 Bxc4 42. Rxc4 d3 43. Kf1 e2+ 44. Kf2 e3+ 45. Ke1 Ra7 46. Rc1 d2+ 0-1

[Event "British Columbia-ch U20"]
[Site "Vancouver CAN"]
[Date "2013.11.09"]
[Round "2.2"]
[White "Gedajlovic, Max"]
[Black "Cao, Jason"]
[Result "0-1"]
[WhiteElo "2093"]
[BlackElo "2295"]
[PlyCount "72"]
[EventDate "2013.11.08"]
[EventType "swiss"]
[EventRounds "5"]
[EventCountry "CAN"]

1. d4 Nf6 2. c4 e6 3. Nc3 Bb4 4. e3 O-O 5. Nge2 d5 6. a3 Be7 7. cxd5 exd5 8. g3
c6 9. Bg2 Re8 10. O-O a5 11. f3 c5 12. Kh1 Nc6 13. Qd3 b6 14. Rd1 Ba6 15. Qd2
Rc8 16. Nf4 cxd4 17. exd4 Bf8 18. Qf2 Bc4 19. Be3 h6 20. Rac1 b5 21. Re1 b4 22.
axb4 Nxb4 23. Bh3 Rc6 24. Bf5 g5 25. Nh3 Bd3 26. g4 Bxf5 27. gxf5 Nd3 28. Qd2
Nxe1 29. Rxe1 Qd7 30. Rg1 Qxf5 31. Bxg5 Qxf3+ 32. Rg2 Kh7 33. Qc2+ Kh8 34. Bd2
Qxh3 35. Qa4 Rce6 36. Qd1 Bd6 0-1

[Event "British Columbia-ch U20"]
[Site "Vancouver CAN"]
[Date "2013.11.09"]
[Round "3.4"]
[White "Hui, Jeremy"]
[Black "Gedajlovic, Max"]
[Result "1-0"]
[WhiteElo "2061"]
[BlackElo "2093"]
[PlyCount "75"]
[EventDate "2013.11.08"]
[EventType "swiss"]
[EventRounds "5"]
[EventCountry "CAN"]

1. e4 e6 2. d4 d5 3. e5 c5 4. c3 Nc6 5. Nf3 Nh6 6. Bxh6 gxh6 7. Be2 Bg7 8. O-O
O-O 9. Re1 cxd4 10. cxd4 f6 11. Bb5 fxe5 12. Nxe5 Nxe5 13. dxe5 Qb6 14. Qe2 Rf5
15. Na3 Rxe5 16. Qc2 Rxe1+ 17. Rxe1 a6 18. Bd3 Qxb2 19. Qa4 Qf6 20. Nc2 Qf7 21.
Re3 e5 22. Rf3 Qd7 23. Qb3 Qd6 24. Ne3 Be6 25. Bf5 Bxf5 26. Nxf5 Qd7 27. Rg3
Qxf5 28. Qxb7 Qf8 29. Rxg7+ Qxg7 30. Qxa8+ Kf7 31. Qxd5+ Kg6 32. Qd3+ Kf6 33.
Qxa6+ Kg5 34. Qe6 Qc7 35. g3 Qc1+ 36. Kg2 Qc2 37. h4+ Kh5 38. Qf7+ 1-0